000 00289nam a2200121Ia 4500
005 20251222151308.0
008 251222s9999||||xx |||||||||||||| ||spa||
082 _aREF.463.2/C32/T.II
245 0 _aDiccionario Inglés - Español
250 _a6ta. ed.
264 _bCassell
942 _cLIB
999 _c23264
_d23264